00577nam a2200193 a 450000100060000000300080000600500170001400800410003103500140007204000280008604100080011408200280012210000280015024500760017826000400025430000340029450400310032865000240035973167BD-RjUL20211209082345.0170528s1964 nyud b 001 0 eng  a(BD-RjUL) aDLCcOClUdBD-RjULbeng aeng a621.38151223bRHD 19641 aRheinfelder, William A.10aDesign of low-noise transistor input circuits /cWilliam A. Rheinfelder aNew York :bHayden Book Co.,cc1964 axiii, 160 p. :bill. ;c22cm. aBibliography: p.[147]-151. 0aTransistor circuits